[Event "Floripa Chess Open 2024"]
[Site "Florianopolis"]
[Date "2024.01.21"]
[Round "2.20"]
[White "Bezerra, Fabiano De Oliveira"]
[Black "Von Buelow, Georg"]
[Result "0-1"]
[WhiteElo "1890"]
[BlackElo "2345"]
[PlyCount "70"]
[EventDate "2024.01.20"]
[EventRounds "10"]
[EventCountry "BRA"]

1. e4 c5 2. Nc3 Nc6 3. g3 g6 4. Bg2 Bg7 5. d3 d6 6. Be3 Qa5 7. Qd2 Nd4 8. a3 ({
RR} 8. Nge2 Bg4 9. Bxd4 cxd4 10. Nd5 Qxd2+ 11. Kxd2 Rc8 12. Nc1 Bh6+ 13. f4 e6
14. h3 Bh5 15. g4 exd5 16. Ne2 dxe4 17. Bxe4 Bxg4 18. hxg4 b6 19. a4 a5 20. Ra3
Bg7 21. g5 Ne7 22. Rb3 Rb8 {Sadka Darrell,D (1568)-Djordjevic,N (1756)
Bratislava SVK 2019 1/2-1/2 (48)}) 8... e6 $146 ({RR} 8... Rb8 9. Rb1 Nf6 10.
h3 O-O 11. Nge2 e5 12. f4 Nh5 13. g4 Nxe2 14. Nxe2 Qxd2+ 15. Kxd2 exf4 16. Nxf4
Nxf4 17. Bxf4 Be5 18. Be3 b5 19. b4 c4 20. Bxa7 Ra8 21. Be3 cxd3 22. cxd3 Rxa3
23. Rbc1 {Buckley,S (2237)-Kanep,M (2358) Baku 2002 0-1 (40)}) 9. Bf4 e5 10.
Be3 Ne7 11. Rc1 h5 12. Nge2 h4 13. O-O Bh3 14. Nxd4 cxd4 15. Ne2 Qc7 16. Bxh3
hxg3 17. Kg2 dxe3 18. Qxe3 gxh2 19. Kxh2 f5 20. Rg1 Kf7 21. Qf3 Rh7 22. Rh1
Rah8 23. Kg2 Qc6 24. Nc3 Bh6 25. Rcd1 Bf4 26. Kf1 g5 27. Bg2 Rxh1+ 28. Bxh1 g4
29. Qg2 Ng6 30. Qg1 Nh4 31. exf5 Nf3 32. Qg2 Qb6 33. Nd5 Qxb2 34. Nxf4 exf4 35.
Qxg4 Nh2+ 0-1

[Event "Floripa Chess Open 2024"]
[Site "Florianopolis"]
[Date "2024.01.21"]
[Round "2.21"]
[White "Cerrato, Alex"]
[Black "Labussiere, Victor"]
[Result "0-1"]
[WhiteElo "1884"]
[BlackElo "2328"]
[PlyCount "62"]
[EventDate "2024.01.20"]
[EventRounds "10"]
[EventCountry "BRA"]

1. d4 Nf6 2. Nc3 c5 3. d5 d6 4. e4 g6 5. f4 Bg7 6. Nf3 O-O 7. Bd3 e6 8. O-O
exd5 9. exd5 Na6 10. f5 Nb4 11. fxg6 fxg6 12. Bg5 Nxd3 13. Qxd3 Bf5 $146 ({RR} 
13... Qb6 14. Qd2 Qxb2 15. Rab1 Qa3 16. Nb5 Qxa2 17. Nxd6 Qxd5 18. Nxc8 Raxc8
19. Qxd5+ Nxd5 20. Rxb7 Rc7 21. Rfb1 Rxb7 22. Rxb7 Ra8 23. Rb5 Bf8 24. Ra5 Bd6
25. Nd2 Bc7 26. Ra4 a5 27. Ne4 Nb6 28. Ra1 {Apicella,M (2390)-Schlosser,M  
(2340) Oakham 1990 0-1 (43)}) 14. Qd2 Qb6 15. Rab1 Rae8 16. Nh4 Ne4 17. Nxe4
Bxe4 18. Rxf8+ Rxf8 19. b3 c4+ 20. Be3 c3 21. Qe2 Bd4 22. Re1 Bxc2 23. Qxc2
Bxe3+ 24. Kh1 Bf2 25. Nxg6 Bxe1 26. Nxf8 Qf2 27. Qxh7+ Kxf8 28. Qh6+ Kf7 29.
Qe6+ Kg7 30. Qe7+ Kg6 31. Qe6+ Kg5 0-1

[Event "Floripa Chess Open 2024"]
[Site "Florianopolis"]
[Date "2024.01.21"]
[Round "2.22"]
[White "Filgueiras, Nathan Felipe"]
[Black "Cavalcante, Adriano Nunes"]
[Result "1-0"]
[WhiteElo "2321"]
[BlackElo "1878"]
[PlyCount "105"]
[EventDate "2024.01.20"]
[EventRounds "10"]
[EventCountry "BRA"]

1. c4 e6 2. Nf3 d5 3. e3 Nf6 4. b3 Be7 5. Bb2 O-O 6. Nc3 b6 7. cxd5 Nxd5 8.
Nxd5 Qxd5 9. Qc2 c5 10. Bd3 f5 ({RR} 10... h6 11. Bh7+ Kh8 12. Be4 {1-0 (12)
Srihari,L (2469)-Mabusela,J (2202) chess.com INT 2024}) 11. Bc4 Qd8 $146 ({RR} 
11... Qd6 12. d4 Nc6 13. O-O Na5 14. Rfd1 Nxc4 15. Qxc4 a5 16. Rd2 Qc6 17. Ne5
Qe8 18. Rad1 b5 19. Qe2 cxd4 20. Rxd4 Bf6 21. Rd6 Be7 22. Rc6 Rb8 23. h3 Bf6
24. Rcd6 Be7 25. R6d2 Rb7 26. Rc2 {Mendonca,L (2499)-Pasti,A (2302) Budapest
HUN 2020 1-0 (44)}) 12. d4 b5 13. Be2 Qa5+ 14. Bc3 b4 15. Bb2 Ba6 16. Bxa6 Nxa6
17. Qc4 Nc7 18. O-O Rac8 19. dxc5 Qxc5 20. Rac1 Qxc4 21. Rxc4 Nb5 22. Rfc1 Rxc4
23. Rxc4 Rd8 24. Kf1 a5 25. Rc6 Rd6 26. Rc8+ Rd8 27. Rxd8+ Bxd8 28. Ke2 Nd6 29.
Ne5 Bb6 30. Kd3 Ba7 31. Nc6 Bb6 32. Be5 Ne4 33. f3 Nc5+ 34. Kc4 Nd7 35. Bd4 Bc7
36. f4 g5 37. g3 gxf4 38. exf4 Nb6+ 39. Kb5 Nd5 40. Nxa5 Nc3+ 41. Kxb4 Nxa2+
42. Ka4 Nc1 43. b4 Kf7 44. Nc4 Ne2 45. Be5 Bd8 46. b5 Ng1 47. Bd4 Nf3 48. Ne5+
Nxe5 49. fxe5 Kg6 50. b6 Kg5 51. b7 Bc7 52. Kb5 Kg4 53. Kc6 1-0

[Event "Floripa Chess Open 2024"]
[Site "Florianopolis"]
[Date "2024.01.21"]
[Round "2.23"]
[White "Paz, Martin"]
[Black "Tomiello, Lucas Costamilan"]
[Result "0-1"]
[WhiteElo "1880"]
[BlackElo "2306"]
[PlyCount "96"]
[EventDate "2024.01.20"]
[EventRounds "10"]
[EventCountry "BRA"]

1. e4 c5 2. Nf3 Nc6 3. d4 cxd4 4. Nxd4 Nf6 5. Nc3 e5 6. Ndb5 d6 7. Bg5 a6 8.
Na3 b5 9. Nd5 Be7 10. Bxf6 Bxf6 11. c3 Bg5 12. Nc2 Rb8 13. a4 bxa4 14. Ncb4
Nxb4 15. cxb4 O-O 16. Rxa4 a5 17. h4 Bh6 18. b5 Bd7 19. Nc3 Be6 20. Be2 Kh8 21.
g3 Qb6 22. Bg4 f5 $146 ({RR} 22... Rbc8 23. O-O Rc5 24. Be2 f5 25. exf5 Bxf5
26. g4 Bg6 27. g5 Bxg5 28. hxg5 Qd8 29. Rg4 d5 30. Qd2 d4 31. Ne4 Bxe4 32. Rxe4
Rf4 33. Rxf4 Qxg5+ 34. Bg4 exf4 35. Qe2 Re5 36. Qf3 h5 37. Kg2 {Dominguez
Perez,L (2750)-Gelfand,B (2676) Hengshui CHN 2019 0-1 (51)}) 23. exf5 Bxf5 24.
O-O Bxg4 25. Rxg4 Rf7 26. Qe2 Rbf8 27. Kg2 Be3 28. f3 Bd4 29. h5 Qb7 30. h6
gxh6 31. Ne4 Qd7 32. Rh4 d5 33. Nc3 Rf6 34. Qd3 Rg6 35. Re1 Rff6 36. Rf1 Rg8
37. f4 Qg7 38. Nxd5 e4 39. Qb3 a4 40. Qa3 Bxb2 41. Qe3 Rg6 42. Rd1 a3 43. Rh3
a2 44. Qxe4 a1=Q 45. Rxa1 Bxa1 46. b6 Qb2+ 47. Kf3 Qb3+ 48. Ne3 Re6 0-1

[Event "Floripa Chess Open 2024"]
[Site "Florianopolis"]
[Date "2024.01.21"]
[Round "2.24"]
[White "Frattini, Beatriz Maria"]
[Black "Soriano Quispe, Ivan Excender"]
[Result "0-1"]
[WhiteElo "1873"]
[BlackElo "2271"]
[PlyCount "80"]
[EventDate "2024.01.20"]
[EventRounds "10"]
[EventCountry "BRA"]

1. e4 c5 2. Nf3 Nc6 3. d4 cxd4 4. Nxd4 g6 5. Nc3 Bg7 6. Be3 Nf6 7. Bc4 Qa5 8.
O-O O-O 9. Nb3 Qc7 10. Be2 d6 11. f4 a6 12. a4 Na5 13. e5 ({RR} 13. Nxa5 Qxa5
14. Bf3 Be6 15. Qd2 Rfc8 16. h3 Rc4 {1/2-1/2 (16) Houska,J (2220)-Vesely,J  
(1851) Olomouc CZE 2022}) 13... dxe5 14. fxe5 Qxe5 15. Bf4 $146 ({RR} 15. Bd4
Qc7 16. Bxf6 exf6 17. Nd5 Qd8 18. Nxa5 Qxa5 19. Nxf6+ Bxf6 20. Rxf6 Qe5 21. Rf2
Qxb2 22. Rb1 Qc3 23. Rb3 Qc7 24. Qd4 Be6 25. Rc3 Qa5 26. Rc5 Rad8 27. Rxa5 Rxd4
28. Bf3 Rb4 29. c3 Rb3 {Gross,S (2340)-Trichkov,V (2350) Czechia 1998 0-1 (47)}
) 15... Qe6 16. Nxa5 Qb6+ 17. Kh1 Qxa5 18. Qe1 Nd5 19. Nxd5 Qxd5 20. c3 Be6 21.
Bf3 Qb3 22. Qf2 Bd5 23. Bxd5 Qxd5 24. Rfd1 Qc6 25. Qe3 e5 26. Bh6 Bxh6 27. Qxh6
Rad8 28. Qh4 Rxd1+ 29. Rxd1 e4 30. a5 Qa4 31. Re1 Re8 32. h3 Qc2 33. Qf4 Qxb2
34. Kh2 Qc2 35. Rf1 Qb3 36. Qc7 Qd5 37. Kh1 e3 38. c4 e2 39. Re1 Qd2 40. Qg3
Qxa5 0-1

[Event "Floripa Chess Open 2024"]
[Site "Florianopolis"]
[Date "2024.01.21"]
[Round "2.25"]
[White "Diaz Villagran, Robert"]
[Black "Do Carmo, Gabriel Carckeno"]
[Result "1/2-1/2"]
[WhiteElo "2268"]
[BlackElo "1869"]
[PlyCount "67"]
[EventDate "2024.01.20"]
[EventRounds "10"]
[EventCountry "BRA"]

1. e4 e6 2. d3 d5 3. Nd2 Nf6 4. Ngf3 c5 5. g3 Be7 6. Bg2 Nc6 7. O-O O-O 8. Re1
b5 9. e5 Nd7 10. Nf1 a5 11. h4 b4 12. h5 h6 13. N1h2 Re8 14. Bf4 Ba6 15. Qd2
Bf8 16. Bh3 a4 17. g4 Nd4 $146 ({RR} 17... Qc7 18. Bg3 Be7 19. Re2 c4 20. Ree1
cxd3 21. cxd3 Nc5 22. Bf1 Qd8 23. Rac1 d4 24. g5 hxg5 25. h6 gxh6 26. Ng4 Kg7
27. Nf6 Rh8 28. Nxg5 hxg5 29. Qxg5+ Kf8 30. Bg2 Nxd3 31. Bxc6 Nxe1 32. Rxe1 {
Sevian,S (2464)-Perez Garcia,R (2357) Montreal 2014 1-0 (58)}) 18. g5 hxg5 19.
Bxg5 Nxf3+ 20. Nxf3 Be7 21. Bf4 Nf8 22. Kh2 Nh7 23. Rg1 Kh8 24. Rg3 Rg8 25.
Rag1 Qc7 26. Bg5 Rac8 27. Bxe7 Qxe7 28. Ng5 Nxg5 29. Rxg5 c4 30. d4 c3 31. bxc3
Rxc3 32. R1g3 Rxg3 33. Rxg3 Rc8 34. Rg1 1/2-1/2

[Event "Floripa Chess Open 2024"]
[Site "Florianopolis"]
[Date "2024.01.21"]
[Round "2.26"]
[White "Da Silva De Sena, Jefferson Ryan F"]
[Black "Piccoli, Lucas Fonseca"]
[Result "0-1"]
[WhiteElo "1867"]
[BlackElo "2263"]
[PlyCount "88"]
[EventDate "2024.01.20"]
[EventRounds "10"]
[EventCountry "BRA"]

1. c4 e6 2. g3 d5 3. Bg2 d4 4. d3 ({RR} 4. Nf3 Nc6 5. O-O Bc5 6. d3 Nf6 7. Nbd2
a5 8. Nb3 Be7 9. e3 dxe3 10. Bxe3 Ng4 11. Bc5 O-O 12. d4 a4 13. Bxe7 Qxe7 14.
Nc5 a3 15. bxa3 Rd8 16. Nb3 Nf6 17. Re1 Qxa3 18. Qe2 h6 {Nepomniachtchi,I  
(2782)-Carlsen,M (2855) Dubai UAE 2021 0-1 (39)}) 4... Nf6 5. Nd2 $146 ({RR} 5.
e3 e5 6. exd4 exd4 7. Ne2 Be7 8. O-O O-O 9. a3 a5 10. Qc2 c5 11. Nd2 Nc6 12. f4
Bf5 13. b3 Re8 14. Bb2 Ng4 15. Rfe1 Ne3 16. Qb1 Nxg2 17. Kxg2 Bf6 18. Nf3 Re3
19. Nc1 Qe7 {Gombocz,F (2209)-Slizunkov,D (2120) chess.com INT 2020 0-1 (31)})
({RR} 5. Nf3 Bb4+ 6. Nbd2 a5 7. Ne5 Nfd7 8. Nxd7 Qxd7 9. O-O Nc6 10. Qa4 Ra6
11. Nb3 O-O 12. a3 Be7 13. Bxc6 bxc6 14. Nxa5 e5 15. b4 Qh3 16. Qc2 c5 17. e4
f5 18. exf5 Rxf5 19. f3 cxb4 {Keinanen,T (2522)-Akbas,U (2446) Krakow POL 2023
1/2-1/2}) 5... e5 6. b4 a5 7. Qa4+ Bd7 8. b5 Na6 9. Qd1 Nc5 10. a4 c6 11. Ba3
Rc8 12. Ngf3 Qc7 13. O-O Be7 14. e3 dxe3 15. fxe3 Nxd3 16. Bxe7 Kxe7 17. Ra3
Nc5 18. Qa1 Rhe8 19. Nxe5 Kf8 20. Nxd7+ Qxd7 21. Nf3 Qe7 22. Nd4 Nce4 23. Nf5
Qe5 24. Qxe5 Rxe5 25. Rd3 Nc5 26. Ra3 cxb5 27. axb5 b6 28. Nd4 Rce8 29. Re1 Ng4
30. Nc2 f5 31. h3 Nf6 32. Nd4 g5 33. Bc6 Rd8 34. Bf3 Rd6 35. Re2 Re8 36. Kg2
Nfd7 37. Bd5 Ne5 38. Nf3 Ned3 39. Ne1 Nb4 40. Bf3 Rde6 41. Nc2 Nxc2 42. Rxc2
Rxe3 43. Raa2 Nd3 44. Re2 Ne1+ 0-1

[Event "Floripa Chess Open 2024"]
[Site "Florianopolis"]
[Date "2024.01.21"]
[Round "2.27"]
[White "Marques, Eudes Pinto"]
[Black "Pires, Marcos Vinicius Tor"]
[Result "1-0"]
[WhiteElo "1863"]
[BlackElo "2253"]
[PlyCount "111"]
[EventDate "2024.01.20"]
[EventRounds "10"]
[EventCountry "BRA"]

1. c4 c6 2. Nf3 d5 3. e3 Nf6 4. Nc3 a6 5. Qb3 e6 6. d4 dxc4 7. Bxc4 b5 8. Be2
Nbd7 9. O-O $146 ({RR} 9. a4 Bb7 10. O-O Qc7 11. Bd2 b4 12. Na2 c5 13. dxc5
Nxc5 14. Qxb4 Nfe4 15. Rad1 Bd6 16. Nc3 Rd8 17. Nxe4 Nxe4 18. Qa5 Nxd2 19. Qxc7
Nxf3+ 20. Bxf3 Bxc7 21. Bxb7 a5 22. Rc1 Bd6 23. Rfd1 Ke7 {Wesseln,K (2340)
-Ambelang,H Bremen 1997 1-0 (65)}) 9... c5 10. Ne5 Bb7 11. Nxd7 Qxd7 12. dxc5
Bxc5 13. Rd1 Qe7 14. Bd2 O-O 15. a3 Rfd8 16. Be1 Nd7 17. Bf1 Ne5 18. Rxd8+ Rxd8
19. Rd1 Bd6 20. f4 Ng4 21. Bf2 Bc5 22. Rxd8+ Qxd8 23. Qd1 Qxd1 24. Nxd1 Kf8 25.
h3 Nxf2 26. Kxf2 Ke7 27. b4 Bb6 28. Bd3 f5 29. Nc3 Bc6 30. Bc2 Kd6 31. g4 g6
32. gxf5 exf5 33. Ke2 Bd8 34. e4 fxe4 35. Nxe4+ Kd5 36. Kd3 Bd7 37. Bb3+ Kc6
38. Bg8 h6 39. Bf7 g5 40. fxg5 hxg5 41. Kd4 Bxh3 42. Bd5+ Kb6 43. Nf2 Bf1 44.
Ke5 Bc7+ 45. Kf5 Bf4 46. Bb3 Bc1 47. a4 Bd2 48. axb5 Kxb5 49. Bc2 Kxb4 50. Ne4
Bh3+ 51. Kg6 g4 52. Kh5 Be1 53. Ng5 Bf1 54. Kxg4 a5 55. Kf3 Bc4 56. Ne4 1-0

[Event "Floripa Chess Open 2024"]
[Site "Florianopolis"]
[Date "2024.01.21"]
[Round "2.28"]
[White "Coppola, Claudio"]
[Black "De Paula, Luan Araujo"]
[Result "1-0"]
[WhiteElo "2250"]
[BlackElo "1863"]
[PlyCount "85"]
[EventDate "2024.01.20"]
[EventRounds "10"]
[EventCountry "BRA"]

1. d4 Nf6 2. Nc3 d5 3. Bf4 c6 4. e3 Bf5 5. f3 h5 6. Bd3 Bxd3 7. Qxd3 Nbd7 8. e4
e6 9. O-O-O Be7 $146 ({RR} 9... Qa5 10. exd5 Nxd5 11. Nxd5 Qxd5 12. Kb1 O-O-O
13. Ne2 g5 14. Nc3 Qa5 15. Bd2 Bb4 16. Ne4 Bxd2 17. Qxd2 Qxd2 18. Rxd2 Nb6 19.
Nxg5 Rd7 20. c3 Nc4 21. Re2 Rhd8 22. Ne4 Rd5 23. Rhe1 b6 24. b3 {Montiel,A  
(1854)-Saliba,G Buenos Aires ARG 2023 1-0 (51)}) 10. Nh3 Nb6 11. Ng5 Nfd7 12.
h4 Nc4 13. Rde1 Nf8 14. exd5 cxd5 15. b3 Nd6 16. Re5 Ng6 17. Nxe6 Nxe5 18.
Nxg7+ Kf8 19. Bxe5 Bf6 20. Nf5 Bxe5 21. dxe5 Nxf5 22. Qxf5 Qc8 23. Qxc8+ Rxc8
24. Nxd5 Rc5 25. Nf6 Ke7 26. Re1 Rhc8 27. Re2 Ke6 28. f4 Kf5 29. g3 R8c6 30.
Nxh5 Kg4 31. Nf6+ Kxg3 32. h5 Kxf4 33. h6 Rc8 34. h7 Rh8 35. Rg2 Rxe5 36. Rg8
Rxh7 37. Nxh7 f5 38. Rg7 Ke3 39. Nf6 Ke2 40. Rxb7 f4 41. Rd7 f3 42. Rd2+ Ke1
43. Ng4 1-0

[Event "Floripa Chess Open 2024"]
[Site "Florianopolis"]
[Date "2024.01.21"]
[Round "2.29"]
[White "Fischer, Ivo Lucio"]
[Black "Rodrigues, Edgar"]
[Result "0-1"]
[WhiteElo "1860"]
[BlackElo "2233"]
[PlyCount "73"]
[EventDate "2024.01.20"]
[EventRounds "10"]
[EventCountry "BRA"]

1. d4 Nf6 2. c4 g6 3. Nc3 Bg7 4. e4 d6 5. f3 O-O 6. Nge2 c5 7. d5 e6 8. Be3
exd5 9. cxd5 Re8 10. Qd2 Na6 11. Ng3 Nc7 12. h4 $146 ({RR} 12. Be2 a6 13. a4 b6
14. O-O Bb7 15. Bg5 Qd7 16. Rab1 b5 17. axb5 axb5 18. Qf4 Qe7 19. Nxb5 Nxb5 20.
Bxb5 Reb8 21. Bc4 Ba6 22. b3 Bh8 23. Rfc1 h6 24. Bxh6 Nd7 25. Qd2 Be5 26. Be3
Rb4 {Ovalle Burgos,R (2150)-Santana Otero,O (2220) San Juan 1999 0-1 (39)}) ({
RR} 12. Be2 Rb8 13. a4 a6 14. O-O b5 15. axb5 axb5 16. Bh6 b4 17. Nd1 Bd7 18.
Bxg7 Kxg7 19. Ne3 Nb5 20. Bxb5 Bxb5 21. Rf2 Kh8 22. b3 Qe7 23. Qb2 Kg8 24. f4
Nxe4 25. Nxe4 Qxe4 26. Ng4 Qe1+ {Damljanovic,B (2535)-Ivanovic,B (2520)
Kladovo 1990 0-1 (43)}) ({RR} 12. Be2 Rb8 13. a4 a6 14. Rb1 b5 15. axb5 Nxb5
16. Bxb5 axb5 17. b4 cxb4 18. Na2 Nxd5 19. exd5 Qb6 20. Ne4 Qa5 21. O-O Bf5 22.
Nxb4 Qa4 23. Nxd6 Qa3 24. Nxf5 Bc3 25. Nh6+ {1-0 (25) Koniahli,M (2291)
-Bigabylov (1929) Muscat OMA 2023}) 12... h5 13. Kf2 Rb8 14. a4 a6 15. Bf4 b5
16. axb5 axb5 17. Re1 b4 18. Nd1 Nh7 19. Ne3 Bf6 20. Nc4 Ra8 21. Nxd6 Bd4+ 22.
Re3 Ra2 23. Nxe8 Nxe8 24. Ne2 Rxb2 25. Qc1 Ra2 26. Kg3 Bxe3 27. Bxe3 b3 28. Qc4
Qb6 29. Nc3 Ra1 30. Na4 Qc7+ 31. Bf4 Qa5 32. Qxb3 Qe1+ 33. Kh2 Qxh4+ 34. Kg1
Qxf4 35. Qb2 Rxa4 36. Bb5 Rb4 37. g4 0-1

[Event "Floripa Chess Open 2024"]
[Site "Florianopolis"]
[Date "2024.01.21"]
[Round "2.30"]
[White "Cunha, Lucas Aguiar"]
[Black "Hirano, Enzo Erich Kreutz"]
[Result "1-0"]
[WhiteElo "2230"]
[BlackElo "1861"]
[PlyCount "113"]
[EventDate "2024.01.20"]
[EventRounds "10"]
[EventCountry "BRA"]

1. e4 c5 2. Nf3 d6 3. d4 cxd4 4. Nxd4 Nf6 5. Nc3 a6 6. Be2 e5 7. Nb3 Be7 8. O-O
O-O 9. Be3 Be6 10. Nd5 Nbd7 11. Nxe7+ ({RR} 11. Qd3 Re8 12. c4 Bf8 13. f3 Rc8
14. Rac1 Nh5 15. Qd2 g6 16. Na5 Rb8 17. b4 Bxd5 18. cxd5 Nf4 19. Bc4 Qf6 20. g3
Nh5 21. Be2 Be7 22. Rc7 Nf8 23. Nxb7 Bd8 24. Nxd8 Qxd8 25. Rc6 f5 {Efimenko,Z 
(2648)-Adly,A (2594) Dubai 2014 1/2-1/2 (43)}) 11... Qxe7 12. Bf3 Nc5 $146 ({RR
} 12... Rfd8 13. Qd2 Rac8 14. Rfd1 Nf8 15. Bg5 h6 16. Bxf6 Qxf6 17. Rac1 Ng6
18. Qe3 Nh4 19. Nd2 d5 20. exd5 Bxd5 21. Bxd5 Rxd5 22. Ne4 Qg6 23. Qh3 Rxc2 24.
Qxh4 Rd4 25. Qd8+ Rxd8 26. Rxd8+ Kh7 27. Rxc2 {Evans,L-Rossolimo,N New York,NY
1965 0-1 (71)}) ({RR} 12... a5 13. a4 Rfc8 14. Ra3 Rc4 15. Nd2 Rc6 16. Rd3 Nc5
17. Bxc5 Rxc5 18. b3 b5 19. axb5 Rxb5 20. Qa1 h6 21. Rd1 Rb6 22. Nf1 Nd7 23.
Ne3 Nc5 24. R3d2 a4 25. Qa3 Qb7 26. Rxd6 Rxd6 27. Rxd6 {Kosteniuk,A (2526)-Hou
Yifan (2632) chess.com INT 2023 0-1}) 13. Nxc5 dxc5 14. Qd3 b5 15. Rfd1 b4 16.
a3 h6 17. axb4 cxb4 18. Rxa6 Rxa6 19. Qxa6 Bg4 20. Qd6 Qxd6 21. Rxd6 Rc8 22.
Rb6 Rc4 23. Kf1 Be6 24. Rb8+ Kh7 25. Ke1 g5 26. Kd1 Nxe4 27. b3 Nc3+ 28. Kd2
Rc8 29. Rxb4 Bf5 30. Rc4 Rxc4 31. bxc4 Ne4+ 32. Kc1 Kg7 33. g4 Bg6 34. c5 Kf6
35. c6 Ke7 36. Bb6 Kd6 37. c7 Kd7 38. c4 Nd6 39. c5 Be4 40. Be2 Nc8 41. Kd2 Bb7
42. Ke3 Bc6 43. Bf3 Ba4 44. Bd5 f6 45. Bb7 Ne7 46. Kd2 Bc6 47. Bxc6+ Kxc6 48.
Kd3 Kb7 49. Ke4 Kc6 50. c8=Q+ Nxc8 51. Kf5 Kd5 52. Kxf6 Ke4 53. Ke6 Kf3 54. Kd7
Kxf2 55. Kxc8 Kf3 56. c6 Kxg4 57. c7 1-0

[Event "Floripa Chess Open 2024"]
[Site "Florianopolis"]
[Date "2024.01.21"]
[Round "2.31"]
[White "Felizes, Paulo"]
[Black "De Siqueira, Luigy Lira"]
[Result "0-1"]
[WhiteElo "1855"]
[BlackElo "2230"]
[PlyCount "156"]
[EventDate "2024.01.20"]
[EventRounds "10"]
[EventCountry "BRA"]

1. d4 d5 2. Bg5 h6 3. Bh4 c5 4. dxc5 g5 5. Bg3 Bg7 6. c3 Nc6 ({RR} 6... Na6 7.
Nf3 Nxc5 8. Nbd2 Nf6 9. e3 O-O 10. Be5 Bf5 11. Nb3 Na4 12. Nbd4 Bd7 13. Qc2 Rc8
14. Bb5 Nb6 15. Bxf6 Bxf6 16. Bxd7 Nxd7 17. Nf5 Bg7 18. Rd1 e6 19. Nxg7 Kxg7
20. e4 Qe7 21. exd5 {Nakamura,H (2788)-Bluebaum,M (2670) chess.com INT 2023
1-0 (52)}) ({RR} 6... Na6 7. e4 Nxc5 8. exd5 Nf6 9. Bb5+ Bd7 10. Bxd7+ Qxd7 11.
Nf3 Qxd5 12. O-O O-O 13. Qxd5 Nxd5 14. Rd1 Rfd8 15. Na3 Na4 16. Rab1 a6 17. Be5
f6 18. Bd4 e5 19. Be3 f5 20. c4 Nb4 21. b3 {Rodgers,J (2059)-Lysyj,I (2589)
chess.com INT 2024 0-1 (32)}) 7. e3 Nf6 8. Nf3 Ne4 9. Nd4 $146 ({RR} 9. Bd3 Bg4
10. Qc2 Bxf3 11. gxf3 Nxc5 12. Nd2 Nxd3+ 13. Qxd3 O-O 14. h4 e5 15. hxg5 Qxg5
16. f4 exf4 17. Bxf4 Qf6 18. O-O-O Rfd8 19. Rdg1 Ne5 20. Bxe5 Qxe5 21. Rxh6 Kf8
22. Rh7 Bf6 23. Nf3 Qe4 {Hoffmann,A (2185)-Gosh,C (2055) chess.com INT 2022
1-0 (61)}) 9... Nxc5 10. Nb5 Ne6 11. Be2 a6 12. Nd4 Nc5 13. Nd2 e5 14. Nxc6
bxc6 15. h4 Bf5 16. hxg5 hxg5 17. Rxh8+ Bxh8 18. b4 Ne4 19. Nxe4 Bxe4 20. f3
Bf5 21. e4 dxe4 22. Qxd8+ Kxd8 23. O-O-O+ Ke7 24. Bf2 exf3 25. Bc5+ Ke8 26.
gxf3 e4 27. fxe4 Bxe4 28. Bg4 Bd5 29. Re1+ Be6 30. Bxe6 fxe6 31. Rxe6+ Kf7 32.
Rxc6 Bxc3 33. Be3 Bf6 34. a4 g4 35. Bf4 Be7 36. b5 axb5 37. axb5 Ra3 38. b6 g3
39. b7 g2 40. Bh2 Rb3 41. Rc2 Ba3+ 42. Kd1 Rb1+ 43. Ke2 Bd6 44. Kf3 Bxh2 45.
Rxg2 Bb8 46. Ke4 Rxb7 47. Kd5 Rd7+ 48. Ke4 Kf6 49. Rf2+ Ke6 50. Rg2 Be5 51. Ra2
Rd4+ 52. Ke3 Rc4 53. Kd3 Rd4+ 54. Ke3 Rh4 55. Rc2 Bd4+ 56. Kf3 Kf5 57. Rg2 Rf4+
58. Ke2 Ke4 59. Rh2 Be3 60. Rh7 Rf2+ 61. Ke1 Rg2 62. Kf1 Rg8 63. Ke2 Rg2+ 64.
Kf1 Rc2 65. Rh8 Kf4 66. Rf8+ Kg3 67. Ke1 Bh6 68. Rh8 Bf4 69. Kd1 Rd2+ 70. Ke1
Kf3 71. Rh3+ Ke4 72. Rh7 Ra2 73. Re7+ Kf3 74. Kd1 Rd2+ 75. Ke1 Rc2 76. Rd7 Rc8
77. Rd3+ Be3 78. Rd1 Rg8 0-1

[Event "Floripa Chess Open 2024"]
[Site "Florianopolis"]
[Date "2024.01.21"]
[Round "2.32"]
[White "Gattass, Allan"]
[Black "Azevedo, Edmundo"]
[Result "1-0"]
[WhiteElo "2225"]
[BlackElo "1860"]
[PlyCount "85"]
[EventDate "2024.01.20"]
[EventRounds "10"]
[EventCountry "BRA"]

1. e4 d5 2. exd5 Qxd5 3. Nc3 Qd8 4. Bc4 Nf6 5. d3 Bg4 ({RR} 5... e6 6. Nf3 Be7
7. Qe2 O-O 8. Bg5 c6 9. O-O h6 10. Bd2 b5 11. Bb3 a5 12. a4 b4 13. Nd1 Nbd7 14.
Ne3 Re8 15. Rfe1 Bf8 16. d4 c5 17. Nc4 Ba6 18. Nfe5 cxd4 19. Qf3 Bxc4 20. Nxc4
{Bartel,M (2540)-Djukic,N (2521) Portoroz 2005 0-1 (51)}) 6. f3 Bf5 ({RR} 6...
Bh5 7. Qe2 Nc6 8. Be3 Nd4 9. Qf2 e5 10. O-O-O Be7 11. g4 Bg6 12. h4 h6 13. h5
Bh7 14. Nge2 Nxe2+ 15. Qxe2 c6 16. Bb3 b5 17. Rhe1 a5 18. a4 b4 19. Ne4 Nxe4
20. dxe4 Qc7 21. Qc4 {Souza,L (2254)-Lehtosaari,M (2176) chess.com INT 2023
0-1 (34)}) 7. g4 $146 ({RR} 7. Qe2 e6 8. Bd2 a6 9. O-O-O Be7 10. g4 Bg6 11. f4
Nc6 12. h3 Nd4 13. Qg2 b5 14. Bb3 a5 15. Nxb5 Nxb3+ 16. axb3 O-O 17. Nc3 a4 18.
bxa4 Qd7 19. Nge2 Rfb8 20. Rde1 Nd5 21. Nxd5 exd5 {Pokora,L (1930)-Molden,L
Vancouver 2011 1/2-1/2 (31)}) 7... Bd7 8. Nge2 e6 9. Be3 Nc6 10. Ng3 Na5 11.
Qe2 Nxc4 12. dxc4 Bb4 13. Bd2 Bc6 14. O-O-O Qe7 15. Nce4 Nxe4 16. fxe4 Bxd2+
17. Rxd2 O-O 18. h4 Rad8 19. g5 Rxd2 20. Qxd2 Rd8 21. Qe3 Qd6 22. Rf1 Qd4 23.
Qxd4 Rxd4 24. Rd1 Rxd1+ 25. Kxd1 f6 26. gxf6 gxf6 27. Ke2 Kf7 28. Ke3 Kg6 29.
Kf4 Bd7 30. e5 f5 31. Ne2 Kh5 32. Kg3 b5 33. cxb5 Bxb5 34. Nf4+ Kh6 35. Nxe6
Bc4 36. Nxc7 Bxa2 37. Kf4 Kg6 38. Nb5 a5 39. Nd4 Bb1 40. h5+ Kxh5 41. Kxf5 Kh6
42. Kf6 Ba2 43. b3 1-0

[Event "Floripa Chess Open 2024"]
[Site "Florianopolis"]
[Date "2024.01.21"]
[Round "2.33"]
[White "Milat, Marcel"]
[Black "Dias, Marcelo De Souza"]
[Result "1/2-1/2"]
[WhiteElo "2213"]
[BlackElo "1854"]
[PlyCount "71"]
[EventDate "2024.01.20"]
[EventRounds "10"]
[EventCountry "BRA"]

1. d4 {Huebner,R} d5 2. c4 c6 3. Nf3 Nf6 4. e3 Bf5 5. Nc3 ({RR} 5. cxd5) 5...
e6 6. Nh4 ({RR} 6. cxd5 exd5) 6... Bg6 ({RR} 6... Bg4 7. Qb3 Qc7 8. h3 Bh5 9.
g4) 7. Qb3 Qb6 8. Nxg6 hxg6 9. Bd2 Nbd7 10. Be2 Be7 ({RR} 10... Qc7 11. h3 Nb6
12. Rc1 ({RR} 12. c5 Nbd7 13. Qd1 e5) 12... dxc4 13. Bxc4 Nxc4) 11. h3 ({RR} 
11. Qc2 Rc8 12. c5 Qc7 13. f4 b6 14. b4 g5 15. O-O gxf4 16. exf4 g6 17. Rae1
Kf8 18. Bd3 Kg7 19. Rf3 Rce8 20. h3 a5 21. a3 axb4 22. axb4 b5 ({RR} 22... bxc5
23. bxc5 Rb8) 23. Ne2 Ng8 24. g4 Bh4 25. Ref1 Ne7 {Dreev,A (2630)-Bareev,E  
(2675) Elista 1998 CBM 065 [Huebner,R] 1-0 (49)}) 11... g5 12. O-O-O O-O-O ({RR
} 12... O-O 13. Qxb6 axb6 14. cxd5 exd5 15. Bd3 Rfc8 16. Kb1 c5 17. Bf5 Rc7 18.
Bc1 g6 19. Bg4 Ra5 20. dxc5 Raxc5 21. Bf3 b5 22. Nxd5 Nxd5 23. Rxd5 Bf6 24.
Rhd1 b4 25. Bg4 Ne5 26. Rxc5 Rxc5 27. Be2 {Wiley,T (2125)-Tegda,V (1673) Plzen
CZE 2023 1-0}) 13. Kb1 Kb8 $146 ({RR} 13... Qxb3 14. axb3 Rh7 15. Bd3 g6 16. e4
dxc4 17. bxc4 Nh5 18. Bf1 e5 19. d5 Bc5 20. Bxg5 f6 21. Be3 Bxe3 22. fxe3 Ng3
23. Rg1 Nc5 24. Bd3 Rh4 25. Kc2 f5 26. exf5 e4 27. Be2 Nxf5 28. Kd2 {Diekers,M
(2133)-Seidens,U (2172) Bayern 2011 1/2-1/2 (31)}) 14. Bc1 Qxb3 15. axb3 Ne4
16. Rhf1 f5 17. Bd3 Rdf8 18. Ne2 Bd6 19. f3 Ng3 20. Nxg3 Bxg3 21. Bd2 Nf6 22.
Kc2 Rh4 23. Bc3 Rfh8 24. Rd2 g4 25. hxg4 fxg4 26. Re2 Rh1 27. Rxh1 Rxh1 28. e4
gxf3 29. gxf3 Rf1 30. exd5 exd5 31. Re7 Rxf3 32. Rxg7 Ne4 33. Ba5 b6 34. Bb4 c5
35. dxc5 Nxc5 36. Bxc5 1/2-1/2